[Event "Villa Guardia D Oro Cup 31st"]
[Site "Villa Guardia"]
[Date "2013.11.02"]
[Round "4"]
[White "Raineri, Valerio"]
[Black "Cairoli, Camillo"]
[Result "1-0"]
[WhiteElo "2109"]
[BlackElo "1937"]
[PlyCount "75"]
[EventDate "2013.11.01"]
[EventType "swiss"]
[EventRounds "6"]
[EventCountry "ITA"]
[SourceTitle "EXT 2015"]
[Source "ChessBase"]
[SourceDate "2014.11.20"]
[SourceVersion "1"]
[SourceVersionDate "2014.11.20"]
[SourceQuality "1"]

1. e4 c5 2. Nf3 d6 3. d4 cxd4 4. Nxd4 Nf6 5. Nc3 g6 6. Be3 Bg7 7. f3 Nc6 8. Qd2 0-0 9. Bc4 a6 10. 0-0-0 Qc7 11. Bb3 Bd7 12. g4 Nxd4 13. Bxd4 Be6 14. h4 b5 15. h5 Bxb3 16. axb3 e5 17. Be3 b4 18. Na4 Rac8 19. Nb6 Rcd8 20. Qxb4 d5 21. h6 Bh8 22. exd5 e4 23. d6 Qc6 24. g5 exf3 25. gxf6 Bxf6 26. Qc5 Qe4 27. Nd5 Be5 28. Ne7+ Kh8 29. Nc6 Bxd6 30. Qd4+ Qxd4 31. Bxd4+ Kg8 32. Nxd8 Bf4+ 33. Kb1 Rxd8 34. Bf6 Rxd1+ 35. Rxd1 Bxh6 36. c4 g5 37. c5 Bf8 38. c6 1-0

[Event "Villa Guardia D Oro Cup 30th"]
[Site "Villa Guardia"]
[Date "2012.11.04"]
[Round "5"]
[White "Cairoli, Camillo"]
[Black "Raineri, Valerio"]
[Result "1/2-1/2"]
[WhiteElo "1939"]
[BlackElo "2142"]
[PlyCount "95"]
[EventDate "2012.11.01"]
[EventType "swiss"]
[EventRounds "6"]
[EventCountry "ITA"]
[SourceTitle "EXT 2014"]
[Source "ChessBase"]
[SourceDate "2013.11.20"]
[SourceVersion "1"]
[SourceVersionDate "2013.11.20"]
[SourceQuality "1"]

1. c4 Nf6 2. g3 g6 3. b3 Bg7 4. Bb2 d6 5. Bg2 0-0 6. Nc3 e5 7. Nf3 c6 8. e4 Qe7 9. 0-0 Ne8 10. d4 Nd7 11. Re1 f6 12. Qd2 Rf7 13. Rad1 Nf8 14. h3 Nd7 15. Ba3 Bf8 16. b4 Nb6 17. Qe2 Be6 18. d5 cxd5 19. cxd5 Bd7 20. b5 Rc8 21. Bb4 f5 22. Nd2 Bh6 23. a4 Nf6 24. a5 Bxd2 25. Rxd2 Nc4 26. Rc2 Qe8 27. Rec1 a6 28. b6 Bb5 29. Qe1 Nd7 30. Nxb5 axb5 31. Bf1 Nc5 32. f3 Nb3 33. Rb1 Nd4 34. Rc3 fxe4 35. fxe4 Nf3+ 36. Rxf3 Rxf3 37. Bxc4 bxc4 38. a6 c3 39. Bxd6 c2 40. Rc1 bxa6 41. b7 Rb8 42. Bxb8 Qxb8 43. Qb4 Rf7 44. Rxc2 Rxb7 45. Qd2 Rb1+ 46. Kg2 Qb6 47. Qf2 Qxf2+ 48. Kxf2 1/2-1/2

[Event "Villa Guardia Coppa d'Oro 27th"]
[Site "Villa Guardia"]
[Date "2009.10.17"]
[Round "3"]
[White "Larghi, Riccardo"]
[Black "Cairoli, Camillo"]
[Result "1-0"]
[WhiteElo "1864"]
[BlackElo "1955"]
[PlyCount "39"]
[EventDate "2009.10.09"]
[EventType "swiss"]
[EventRounds "8"]
[EventCountry "ITA"]
[SourceTitle "EXT 2024"]
[Source "ChessBase"]
[SourceDate "2023.10.10"]
[SourceVersion "1"]
[SourceVersionDate "2023.10.10"]
[SourceQuality "1"]

1. Nf3 Nf6 2. c4 g6 3. Nc3 Bg7 4. g3 d6 5. Bg2 c6 6. 0-0 0-0 7. d4 a5 8. e4 Qc7 9. Bg5 Na6 10. Qd2 e5 11. Bh6 exd4 12. Nxd4 Re8 13. Rad1 Nc5 14. Bxg7 Kxg7 15. Nf5+ Bxf5 16. exf5 Rad8 17. fxg6 hxg6 18. f4 b5 19. cxb5 Qb6 20. Qd4 1-0

[Event "Villa Guardia D Oro Cup 26th"]
[Site "Villa Guardia"]
[Date "2008.10.24"]
[Round "3"]
[White "Cairoli, Camillo"]
[Black "Grassetto, Gilberto"]
[Result "1-0"]
[WhiteElo "1910"]
[BlackElo "1886"]
[PlyCount "119"]
[EventDate "2008.10.10"]
[EventType "swiss"]
[EventRounds "7"]
[EventCountry "ITA"]
[SourceTitle "EXT 2011"]
[Source "ChessBase"]
[SourceDate "2010.11.26"]
[SourceVersion "1"]
[SourceVersionDate "2010.11.26"]
[SourceQuality "1"]

1. e4 c5 2. Nf3 d6 3. d4 cxd4 4. Nxd4 Nf6 5. Nc3 a6 6. f3 e6 7. Be3 Qc7 8. Qd2 Nbd7 9. g4 Ne5 10. 0-0-0 b5 11. g5 Nfd7 12. f4 Nc4 13. Bxc4 Qxc4 14. b3 Qc7 15. f5 e5 16. Nd5 Qb8 17. Nc6 Qb7 18. Na5 Qb8 19. f6 gxf6 20. gxf6 Bb7 21. Nxb7 Qxb7 22. Rhg1 a5 23. Kb1 h5 24. h4 b4 25. Rg2 a4 26. Rdg1 axb3 27. cxb3 Rc8 28. Rc1 Nc5 29. Rc4 Na6 30. Qc2 Rxc4 31. Qxc4 Bh6 32. Bxh6 Rxh6 33. Qxa6 Qxa6 34. Nc7+ Kd7 35. Nxa6 Rxf6 36. Nxb4 Rf4 37. Nd5 Rxh4 38. Kc2 Ke6 39. Nc3 Rg4 40. Rh2 h4 41. a4 f5 42. exf5+ Kxf5 43. Nd1 Kg5 44. a5 Kf4 45. a6 Kg3 46. Rd2 h3 47. Ne3 Rf4 48. a7 Rf8 49. Rxd6 h2 50. Nf1+ Rxf1 51. Rg6+ Kh4 52. Rh6+ Kg5 53. Rxh2 Rf8 54. b4 Ra8 55. Rh7 Kg6 56. Rc7 Kf6 57. b5 Ke6 58. b6 Kd6 59. Rb7 Rc8+ 60. Kd2 1-0

[Event "Villa Guardia D Oro Cup 26th"]
[Site "Villa Guardia"]
[Date "2008.10.17"]
[Round "2"]
[White "Cervini, Gian Piero"]
[Black "Cairoli, Camillo"]
[Result "0-1"]
[WhiteElo "1768"]
[BlackElo "1910"]
[PlyCount "62"]
[EventDate "2008.10.10"]
[EventType "swiss"]
[EventRounds "7"]
[EventCountry "ITA"]
[SourceTitle "EXT 2011"]
[Source "ChessBase"]
[SourceDate "2010.11.26"]
[SourceVersion "1"]
[SourceVersionDate "2010.11.26"]
[SourceQuality "1"]

1. e4 c5 2. c3 d5 3. exd5 Qxd5 4. d4 Nf6 5. Be3 cxd4 6. cxd4 e6 7. Nc3 Qd8 8. Nf3 Be7 9. Bc4 0-0 10. 0-0 a6 11. a4 Qc7 12. Qe2 b6 13. d5 e5 14. Rfd1 Bg4 15. Ba2 Nbd7 16. Rac1 Qb8 17. h3 Bxf3 18. Qxf3 b5 19. axb5 axb5 20. Bb1 Rd8 21. Ne2 Nb6 22. Bxb6 Qxb6 23. Rc6 Qxc6 24. Bxh7+ Kxh7 25. dxc6 Rxd1+ 26. Kh2 e4 27. Qb3 Bd6+ 28. g3 Rd2 29. Qxb5 Rb8 30. Qf5+ Kg8 31. Nc3 e3 0-1

[Event "Villa Guardia D Oro Cup 25th"]
[Site "Villa Guardia"]
[Date "2007.11.23"]
[Round "7"]
[White "Cairoli, Camillo"]
[Black "Napoli, Ferdinando"]
[Result "1-0"]
[WhiteElo "1937"]
[BlackElo "1850"]
[PlyCount "111"]
[EventDate "2007.10.05"]
[EventType "swiss"]
[EventRounds "7"]
[EventCountry "ITA"]
[SourceTitle "EXT 2010"]
[Source "ChessBase"]
[SourceDate "2010.11.25"]
[SourceVersion "1"]
[SourceVersionDate "2010.11.25"]
[SourceQuality "1"]

1. e4 c5 2. Nf3 d6 3. d4 cxd4 4. Nxd4 Nf6 5. Nc3 a6 6. Be2 e6 7. g4 h6 8. Be3 Qc7 9. f4 Nc6 10. 0-0 Be7 11. a4 Bd7 12. Bf3 Nxd4 13. Bxd4 Bc6 14. a5 Rc8 15. Bb6 Qb8 16. Rf2 Nd7 17. Be3 Bf6 18. Bd4 0-0 19. Rd2 Rfd8 20. Qf1 Bxd4+ 21. Rxd4 e5 22. fxe5 Qa7 23. Qf2 dxe5 24. Rd2 Qxf2+ 25. Kxf2 Nc5 26. Rad1 Ne6 27. Nd5 Kf8 28. c3 Ba4 29. Re1 Nc5 30. b4 Ne6 31. Ke3 Rc6 32. Bd1 Bb5 33. Bb3 Bc4 34. Bxc4 Rxc4 35. Rd3 Ng5 36. Nf6 Rxd3+ 37. Kxd3 Rc7 38. Nd5 Rc6 39. Rf1 f6 40. h4 Ne6 41. Rf2 Kf7 42. c4 Nd4 43. g5 hxg5 44. hxg5 Re6 45. gxf6 gxf6 46. c5 Rc6 47. Kc4 Re6 48. Ne3 Re8 49. Ng4 Re6 50. Nxe5+ Rxe5 51. Kxd4 Ke6 52. Rf3 Rh5 53. b5 axb5 54. Rb3 Rh2 55. Rxb5 f5 56. Rb6+ 1-0

[Event "Villa Guardia D Oro Cup 25th"]
[Site "Villa Guardia"]
[Date "2007.11.16"]
[Round "6"]
[White "Gatti, Luigi"]
[Black "Cairoli, Camillo"]
[Result "0-1"]
[WhiteElo "1425"]
[BlackElo "1937"]
[PlyCount "62"]
[EventDate "2007.10.05"]
[EventType "swiss"]
[EventRounds "7"]
[EventCountry "ITA"]
[SourceTitle "EXT 2010"]
[Source "ChessBase"]
[SourceDate "2010.11.25"]
[SourceVersion "1"]
[SourceVersionDate "2010.11.25"]
[SourceQuality "1"]

1. d4 Nf6 2. c4 g6 3. g3 Bg7 4. Bg2 d6 5. Nf3 0-0 6. 0-0 Nbd7 7. Nc3 e5 8. e4 c6 9. h3 Qc7 10. Be3 Re8 11. Qc2 exd4 12. Nxd4 Nc5 13. Rfe1 Bd7 14. f4 Ne6 15. Rad1 Rad8 16. Bf2 Bc8 17. f5 Nf8 18. b4 a5 19. Qb3 axb4 20. Na4 Re7 21. c5 d5 22. exd5 Nxd5 23. fxg6 hxg6 24. Nc2 Ne6 25. Bxd5 cxd5 26. Qxb4 Ng5 27. Kh2 Nf3+ 28. Kg2 Nxe1+ 29. Rxe1 Rxe1 30. Qxe1 Qd7 31. g4 Qxa4 0-1

[Event "Villa Guardia D Oro Cup 25th"]
[Site "Villa Guardia"]
[Date "2007.10.19"]
[Round "3"]
[White "Cairoli, Camillo"]
[Black "Zuccoli, Maurizio"]
[Result "0-1"]
[WhiteElo "1937"]
[BlackElo "1885"]
[PlyCount "42"]
[EventDate "2007.10.05"]
[EventType "swiss"]
[EventRounds "7"]
[EventCountry "ITA"]
[SourceTitle "EXT 2010"]
[Source "ChessBase"]
[SourceDate "2010.11.25"]
[SourceVersion "1"]
[SourceVersionDate "2010.11.25"]
[SourceQuality "1"]

1. e4 c5 2. Nf3 d6 3. d4 cxd4 4. Nxd4 Nf6 5. Nc3 a6 6. Bg5 e6 7. Qd2 Be7 8. 0-0-0 b5 9. Bxf6 Bxf6 10. Bxb5+ axb5 11. Ndxb5 0-0 12. Qxd6 Bg5+ 13. Kb1 Nd7 14. Nc7 Rb8 15. h4 Bf6 16. N7b5 Be5 17. Qd2 Qa5 18. f4 Bxc3 19. Nxc3 Nb6 20. Qe1 Nc4 21. b3 Qa3 0-1

[Event "Villa Guardia Coppa d'Oro 23th"]
[Site "Villa Guardia"]
[Date "2005.11.25"]
[Round "8"]
[White "Cairoli, Camillo"]
[Black "Larghi, Riccardo"]
[Result "1-0"]
[WhiteElo "1916"]
[BlackElo "2011"]
[PlyCount "53"]
[EventDate "2005.10.07"]
[EventType "swiss"]
[EventRounds "8"]
[EventCountry "ITA"]
[SourceTitle "EXT 2024"]
[Source "ChessBase"]
[SourceDate "2023.10.10"]
[SourceVersion "1"]
[SourceVersionDate "2023.10.10"]
[SourceQuality "1"]

1. e4 c5 2. Nf3 d6 3. d4 cxd4 4. Nxd4 Nf6 5. Nc3 g6 6. Be3 Bg7 7. f3 0-0 8. Qd2 Nc6 9. 0-0-0 d5 10. Kb1 Nxd4 11. Bxd4 dxe4 12. fxe4 Be6 13. h3 Rc8 14. Be2 a6 15. Qe3 Qa5 16. a3 b5 17. Rd3 Qc7 18. Rd2 Qc6 19. Rhd1 Rfd8 20. g4 Ne8 21. e5 Nc7 22. Bf3 Nd5 23. Nxd5 Bxd5 24. Bb6 Bxf3 25. Rxd8+ Rxd8 26. Rxd8+ Bf8 27. Qh6 1-0

[Event "Villa Guardia Coppa d'Oro 23th"]
[Site "Villa Guardia"]
[Date "2005.11.18"]
[Round "7"]
[White "Liscio, Giovanni"]
[Black "Cairoli, Camillo"]
[Result "1/2-1/2"]
[WhiteElo "2000"]
[BlackElo "1916"]
[PlyCount "103"]
[EventDate "2005.10.07"]
[EventType "swiss"]
[EventRounds "8"]
[EventCountry "ITA"]
[SourceTitle "EXT 2024"]
[Source "ChessBase"]
[SourceDate "2023.10.10"]
[SourceVersion "1"]
[SourceVersionDate "2023.10.10"]
[SourceQuality "1"]

1. d4 d5 2. c4 c6 3. Nc3 Nf6 4. e3 a6 5. Nf3 Nbd7 6. cxd5 cxd5 7. Bd3 e6 8. 0-0 Bd6 9. b3 0-0 10. Bb2 Qe7 11. Rc1 Rd8 12. e4 dxe4 13. Nxe4 Nxe4 14. Bxe4 Nf6 15. Bb1 Bd7 16. Qe2 Bb5 17. Bd3 Bxd3 18. Qxd3 Ba3 19. Qe2 Bxb2 20. Qxb2 Rac8 21. h3 h6 22. Rc2 Nd5 23. Rfc1 Rxc2 24. Rxc2 Nb4 25. Rd2 Nc6 26. Ne5 Qd6 27. Nxc6 Qxc6 28. b4 Rd5 29. Kf1 Qb5+ 30. Ke1 e5 31. f3 Qb6 32. dxe5 Qg1+ 33. Ke2 Qxg2+ 34. Ke3 Rxd2 35. Qxd2 Qxh3 36. Qd8+ Kh7 37. Qe7 Qe6 38. Qxb7 Qxa2 39. Qe4+ g6 40. f4 Qe6 41. Kf2 h5 42. Ke3 Qh3+ 43. Kd4 h4 44. Kc5 Qc8+ 45. Kb6 h3 46. Qf3 Kg7 47. Qg3 Qb8+ 48. Kxa6 Qa8+ 49. Kb5 Qg2 50. Qh4 h2 51. Qf6+ Kg8 52. Qd8+ 1/2-1/2

[Event "Como Province-ch"]
[Site "Villa Guardia"]
[Date "2004.03.06"]
[Round "1"]
[White "Ghelfi, Giancarlo"]
[Black "Cairoli, Camillo"]
[Result "0-1"]
[WhiteElo "1600"]
[BlackElo "1882"]
[PlyCount "96"]
[EventDate "2004.03.06"]
[EventType "swiss"]
[EventRounds "6"]
[EventCountry "ITA"]
[SourceTitle "EXT 2024"]
[Source "ChessBase"]
[SourceDate "2023.10.10"]
[SourceVersion "1"]
[SourceVersionDate "2023.10.10"]
[SourceQuality "1"]

1. e4 c5 2. Nf3 d6 3. d4 cxd4 4. Nxd4 Nf6 5. Nc3 g6 6. Be3 Bg7 7. f3 Nc6 8. Qd2 0-0 9. 0-0-0 a6 10. h4 Nxd4 11. Bxd4 h5 12. Kb1 b5 13. e5 dxe5 14. Bxe5 Be6 15. Qxd8 Rfxd8 16. Bd3 Rac8 17. a3 Rc5 18. Rhe1 Nd5 19. Bxg7 Kxg7 20. Ne4 Rc7 21. g3 Bc8 22. Re2 f6 23. Rde1 e5 24. Nf2 Rf8 25. Nd1 Rff7 26. Ne3 Bb7 27. Be4 Nxe3 28. Rxe3 Bxe4 29. Rxe4 Rfd7 30. Kc1 Kf7 31. R1e2 Rc6 32. Re1 Rcd6 33. R4e2 Rd4 34. Rf2 a5 35. Rff1 b4 36. Rd1 bxa3 37. bxa3 Ke6 38. Rfe1 Rxd1+ 39. Rxd1 Rc7 40. Rd3 Rc4 41. Kb2 a4 42. Rd8 e4 43. fxe4 Rxe4 44. Re8+ Kf5 45. Rxe4 Kxe4 46. Kc3 g5 47. hxg5 fxg5 48. Kb4 h4 0-1

[Event "Como Province-ch"]
[Site "Como"]
[Date "1999.03.05"]
[Round "8"]
[White "Larghi, Riccardo"]
[Black "Cairoli, Camillo"]
[Result "0-1"]
[WhiteElo "1845"]
[BlackElo "1900"]
[PlyCount "26"]
[EventDate "1999.01.15"]
[EventType "swiss"]
[EventRounds "8"]
[EventCountry "ITA"]
[SourceTitle "EXT 2023"]
[Source "ChessBase"]
[SourceDate "2022.10.05"]
[SourceVersion "1"]
[SourceVersionDate "2022.10.05"]
[SourceQuality "1"]

1. e4 c5 2. Nf3 d6 3. d4 cxd4 4. Nxd4 Nf6 5. Nc3 g6 6. Be3 Bg7 7. f3 Nc6 8. Qd2 0-0 9. g4 Bd7 10. 0-0-0 Rc8 11. h4 Bxg4 12. fxg4 Nxg4 13. Bg1 Bh6 0-1

[Event "Como Province-ch"]
[Site "Como"]
[Date "1999.02.26"]
[Round "7"]
[White "Cairoli, Camillo"]
[Black "Rossi, Giampiero"]
[Result "1-0"]
[WhiteElo "1900"]
[BlackElo "2023"]
[PlyCount "105"]
[EventDate "1999.01.15"]
[EventType "swiss"]
[EventRounds "8"]
[EventCountry "ITA"]
[SourceTitle "EXT 2023"]
[Source "ChessBase"]
[SourceDate "2022.10.05"]
[SourceVersion "1"]
[SourceVersionDate "2022.10.05"]
[SourceQuality "1"]

1. Nf3 d5 2. g3 c6 3. Bg2 Nf6 4. b3 Bf5 5. Bb2 e6 6. d3 Be7 7. Nbd2 0-0 8. a4 Nbd7 9. 0-0 h6 10. e3 Qb6 11. Qe2 Rfc8 12. e4 Bh7 13. Kh1 a5 14. Ne1 Qa6 15. f4 dxe4 16. Nxe4 Nxe4 17. Bxe4 Bxe4+ 18. Qxe4 Bf6 19. Be5 c5 20. Nf3 Bxe5 21. fxe5 Qc6 22. Rae1 Qxe4 23. Rxe4 Nb6 24. Nd2 Rc7 25. Kg2 Rd8 26. Rf2 Rd5 27. Rfe2 Kf8 28. Kf3 Ke8 29. Rg4 Kf8 30. h4 Rd8 31. Nc4 Nxc4 32. Rxc4 b6 33. Ree4 g6 34. Ke3 Rdc8 35. Kd2 Ke8 36. g4 Kf8 37. g5 Kg7 38. Kc3 Rd8 39. Rf4 Rd5 40. Rce4 Rb7 41. Kc4 Rb8 42. gxh6+ Kxh6 43. Rxf7 Rbd8 44. Rff4 Rb8 45. Rf6 Re8 46. Rg4 Rxe5 47. Rfxg6+ Kh5 48. Rg2 Rf5 49. Rg7 Rf4+ 50. Kc3 Kh6 51. Rb7 Rxh4 52. Rxb6 Rb4 53. Rc6 1-0

[Event "Como Province-ch"]
[Site "Como"]
[Date "1999.01.15"]
[Round "1"]
[White "Cairoli, Camillo"]
[Black "Mason, Giovanni"]
[Result "1-0"]
[WhiteElo "1900"]
[BlackElo "1518"]
[PlyCount "53"]
[EventDate "1999.01.15"]
[EventType "swiss"]
[EventRounds "8"]
[EventCountry "ITA"]
[SourceTitle "EXT 2023"]
[Source "ChessBase"]
[SourceDate "2022.10.05"]
[SourceVersion "1"]
[SourceVersionDate "2022.10.05"]
[SourceQuality "1"]

1. d4 Nf6 2. c4 e5 3. dxe5 Ng4 4. e4 Nxe5 5. f4 Ng6 6. Nf3 Bb4+ 7. Bd2 Bxd2+ 8. Qxd2 Nc6 9. Nc3 d6 10. Be2 f5 11. 0-0 fxe4 12. Ng5 h6 13. Bh5 Bf5 14. Ngxe4 Qh4 15. Ng3 0-0-0 16. Nd5 Nge7 17. b4 g6 18. b5 Nb8 19. Bf3 Nd7 20. Qa5 Nxd5 21. Qxa7 Nc5 22. Bxd5 Rde8 23. Rae1 Kd7 24. Bxb7 Nxb7 25. Qxb7 Rb8 26. Qd5 Rhe8 27. Qc6+ 1-0